Exploremos los océanos del mundo / (Registro nro. 12464)

Detalles MARC
000 -LIDER
fixed length control field 00616nam a2200205 4500
003 - IDENTIFICACDOR DE NÚMERO DE CONTROL
control field DO-SdBNP
005 - DATE AND TIME OF LATEST TRANSACTION
control field 20180221113116.0
008 - ELEMENTOS DE LONGITUD FIJA
fixed length control field 170116b 2006 xxu a00| 0 spa d
020 ## - ISBN
International Standard Book Number 9782764119907
040 ## - FUENTE DE CATALOGACIÓN
Agencia que crea de manera original el registro BPMSU
Idioma de catalogación spa
Agencia que realiza la transcripción BPMSU
082 #4 - NÚMERO DE CLASIFICACIÓN DECIMAL DE DEWEY
Classification number xxxxx
Item number xxxxx
100 1# - ASIENTO PRINCIPAL -- NOMBRE PERSONAL
Nombre personal Valliére, Nathalie
245 1# - MENCIÓN DE TITULO
Título Exploremos los océanos del mundo /
Mención de responsabilidad Nathalie Valliére ; traducción María Mercedes Correa
260 ## - PUBLICACIÓN, DISTRIBUCIÓN, ETC. (PIE DE IMPRENTA)
Lugar de publicación, distribución, etc Montreal, Canada :
Nombre del editor, distribuidor, etc. Lexus ,
Fecha de publicación, distribución, etc 2006.
300 ## - DESCRIPCIÓN FÍSICA
Extensión 27 p. :
Otros detalles físicos il. ;
Dimensiones 26 cm.
700 1# - ASIENTO SECUNDARIO -- NOMBRE PERSONAL
Nombre personal Mercedes Correa, María,
Mención de responsabilidad tr.
942 ## - ADDED ENTRY ELEMENTS (KOHA)
Source of classification or shelving scheme Dewey Decimal Classification
Koha item type Libros
945 ## - INFORMACIÓN DE PROCESAMIENTO LOCAL
Información de procesamiento local Inventariado, 2018 / BT
956 ## - LOCAL ELECTRONIC LOCATION AND ACCESS (OCLC)
Nombre de host dgarcia
Existencias
Withdrawn status Lost status Source of classification or shelving scheme Damaged status Not for loan Collection code Home library Current library Date acquired Source of acquisition Total Checkouts Full call number Barcode Date last seen Price effective from Koha item type
    Dewey Decimal Classification     Colección Infantil General Biblioteca Pública Metropolitana Salomé Ureña Biblioteca Pública Metropolitana Salomé Ureña 01/16/2017 COMPRA   xxxxx xxxxx BPMSU17010043 01/16/2017 01/16/2017 Libros